000
003520000a22001570004500
005
20120302054420.0
942
_c
BOOK
100
_a
Soman,Moreshwar Govind
245
_a
Khedyatil Swabhav Chitre
260
_a
Pune:Rangpanchami,1935.
300
_a
171p.
040
_a
MAR
650
_a
Sankirna
650
_a
Khede
650
_a
Khedyatil Maanase
999
_c
345566
_d
345563